| 000 | 00413nam a22001697a 4500 | ||
|---|---|---|---|
| 003 | CEME | ||
| 005 | 20210628205124.0 | ||
| 008 | 210226b xxu||||| |||| 00| 0 eng d | ||
| 020 | _a0-8717-309-2 | ||
| 040 | _c. | ||
| 082 | _a669.3722 DON'T | ||
| 100 |
_aDonachie, Mathew J _974047 |
||
| 245 | _aTitanium a technical guide | ||
| 260 |
_aUSA _bASM INTERNATIONAL _c1988 |
||
| 300 | _aXV, 469P | ||
| 942 |
_cBK _2ddc |
||
| 999 |
_c579624 _d579624 |
||